<?xml version="1.0" encoding="UTF-8"?>
<record
    xmlns:xsi="http://www.w3.org/2001/XMLSchema-instance"
    xsi:schemaLocation="http://www.loc.gov/MARC21/slim http://www.loc.gov/standards/marcxml/schema/MARC21slim.xsd"
    xmlns="http://www.loc.gov/MARC21/slim">

  <leader>01175nam a2200301 i 4500</leader>
  <controlfield tag="001">189906</controlfield>
  <controlfield tag="003">SpMaBN</controlfield>
  <controlfield tag="005">20250911063610.0</controlfield>
  <controlfield tag="008">191226s2004    sp           |||| | spa d</controlfield>
  <datafield tag="020" ind1=" " ind2=" ">
    <subfield code="a">84-9773-153-0</subfield>
  </datafield>
  <datafield tag="080" ind1=" " ind2=" ">
    <subfield code="a">224.06</subfield>
  </datafield>
  <datafield tag="100" ind1="1" ind2=" ">
    <subfield code="a">Grajar, Gaspar de, </subfield>
    <subfield code="d">1530-1575</subfield>
    <subfield code="9">169249</subfield>
  </datafield>
  <datafield tag="245" ind1="1" ind2="0">
    <subfield code="a">Obras completas. </subfield>
    <subfield code="n">II / </subfield>
    <subfield code="c">Gaspar de Grajar ; introducci&#xF3;n, edici&#xF3;n cr&#xED;tica, versi&#xF3;n espa&#xF1;ola y notas de Crescencio Migu&#xE9;lez Ba&#xF1;os.</subfield>
  </datafield>
  <datafield tag="260" ind1=" " ind2=" ">
    <subfield code="a">[Valladolid] : </subfield>
    <subfield code="b">Consejer&#xED;a de Eduaci&#xF3;n y Cultura ; </subfield>
    <subfield code="a">[Le&#xF3;n] :</subfield>
    <subfield code="b">Universidad de Le&#xF3;n, </subfield>
    <subfield code="c">2004.</subfield>
  </datafield>
  <datafield tag="300" ind1=" " ind2=" ">
    <subfield code="a">1 v. (734 p.) ; </subfield>
    <subfield code="c">25 cm.</subfield>
  </datafield>
  <datafield tag="490" ind1="1" ind2=" ">
    <subfield code="a">Humanistas espa&#xF1;oles ; </subfield>
    <subfield code="v">30</subfield>
  </datafield>
  <datafield tag="500" ind1=" " ind2=" ">
    <subfield code="a">Ap&#xE9;ndice documental.</subfield>
  </datafield>
  <datafield tag="500" ind1=" " ind2=" ">
    <subfield code="a">&#xCD;ndices.</subfield>
  </datafield>
  <datafield tag="504" ind1=" " ind2=" ">
    <subfield code="a">Referencias bibliogr&#xE1;ficas.</subfield>
  </datafield>
  <datafield tag="505" ind1="8" ind2=" ">
    <subfield code="a">Contiene: V. 2</subfield>
  </datafield>
  <datafield tag="546" ind1=" " ind2=" ">
    <subfield code="a">Textos en lat&#xED;n y traducci&#xF3;n en espa&#xF1;ol.</subfield>
  </datafield>
  <datafield tag="630" ind1="0" ind2="7">
    <subfield code="a">Biblia. </subfield>
    <subfield code="p">A.T. </subfield>
    <subfield code="p">Libros prof&#xE9;ticos-</subfield>
    <subfield code="x">Cr&#xED;tica e interpretaci&#xF3;n.</subfield>
    <subfield code="9">169251</subfield>
  </datafield>
  <datafield tag="700" ind1="1" ind2=" ">
    <subfield code="a">Migu&#xE9;lez Ba&#xF1;os, Crescencio (</subfield>
    <subfield code="d">1940-)</subfield>
    <subfield code="9">169250</subfield>
  </datafield>
  <datafield tag="710" ind1="2" ind2=" ">
    <subfield code="a">Universidad de Le&#xF3;n.</subfield>
    <subfield code="9">7200</subfield>
  </datafield>
  <datafield tag="830" ind1="0" ind2=" ">
    <subfield code="a">Humanistas espa&#xF1;oles ; </subfield>
    <subfield code="v">30</subfield>
    <subfield code="9">184216</subfield>
  </datafield>
  <datafield tag="852" ind1=" " ind2=" ">
    <subfield code="a">ES-MaACL</subfield>
    <subfield code="j">L-32490 </subfield>
    <subfield code="z">- Enc. tela</subfield>
  </datafield>
  <datafield tag="999" ind1=" " ind2=" ">
    <subfield code="c">189906</subfield>
    <subfield code="d">189906</subfield>
  </datafield>
  <datafield tag="952" ind1=" " ind2=" ">
    <subfield code="0">0</subfield>
    <subfield code="1">0</subfield>
    <subfield code="4">0</subfield>
    <subfield code="7">0</subfield>
    <subfield code="a">ATENEOM</subfield>
    <subfield code="b">ATENEOM</subfield>
    <subfield code="c">DEPO2</subfield>
    <subfield code="d">2019-12-26</subfield>
    <subfield code="e">DON</subfield>
    <subfield code="l">0</subfield>
    <subfield code="o">L-32490</subfield>
    <subfield code="p">1201440</subfield>
    <subfield code="r">2023-02-23 00:00:00</subfield>
    <subfield code="w">2023-02-23</subfield>
    <subfield code="y">MONOGRAFIA</subfield>
  </datafield>
</record>
